Redhouse yeni Turkce-Ingilizce szluk : New Redhouse Turkish-English dictionary

محفوظ في:

المؤلف الرئيسي: Redhouse, James W.

التنسيق: كتاب

اللغة: Undetermined

منشور في: Istanbul : Redhouse Yayinevi, 1998.

الموضوعات:

الوسوم: إضافة وسم

لا توجد وسوم, كن أول من يضع وسما على هذه التسجيلة!

رقم الطلب: (Ref.) PL191 .R55

LEADER 00624nam a2200157Ia 4500
008 220712s9999||||xx |||||||||||||| ||und||
050 4 |a (Ref.) PL191 .R55 
100 1 |a Redhouse, James W. 
245 1 0 |a Redhouse yeni Turkce-Ingilizce szluk :  |b New Redhouse Turkish-English dictionary 
264 1 |a Istanbul :  |b Redhouse Yayinevi,  |c 1998. 
300 |a xxxii, 1292, 45p. :  |b  ;  |c 25cm. 
504 |a Bibliography. 
555 4 |o (Ref.) PL191 .R55 
650 4 |a Turkish language Dictionaries English. 
952 |0 0  |1 0  |2 lcc  |4 0  |7 1  |9 41867  |a ARCE  |b ARCE  |d 2022-07-21  |l 0  |o (Ref.) PL191 .R55  |p 1033978  |r 2022-07-21 00:00:00  |w 2022-07-21  |y BK 
999 |c 48846  |d 48846